[Event "Col Ch "]
[Site "Ibague "]
[Date "2013.07.06"]
[Round "9.50"]
[White "Marin, Alejandro"]
[Black "Culma, Ruben"]
[Result "0-1"]
[WhiteElo "1923"]
[BlackElo "2029"]
[PlyCount "104"]
[EventDate "2013.07.01"]
[EventType "swiss"]
[EventRounds "11"]
[EventCountry "COL"]
[SourceDate "2005.09.12"]

1. e4 c5 2. Nf3 d6 3. d4 cxd4 4. Nxd4 Nf6 5. f3 a6 6. c4 Nc6 7. Nc3 e6 8. Be3
Be7 9. Qd2 Bd7 10. Be2 Rc8 11. O-O Ne5 12. b3 O-O 13. Rfd1 Qc7 14. Rac1 Rfd8
15. h3 Be8 16. f4 Nc6 17. Bf3 Qb8 18. f5 Nxd4 19. Bxd4 b5 20. cxb5 axb5 21. Qf2
e5 22. Ba7 Qb7 23. Bb6 b4 24. Nd5 Nxd5 25. exd5 Rxc1 26. Rxc1 Rb8 27. Be3 Bb5
28. Be4 f6 29. g4 Rc8 30. Rxc8+ Qxc8 31. Qd2 h5 32. Qxb4 Bd7 33. Qc4 Qb7 34. a4
Bd8 35. Kg2 hxg4 36. hxg4 Ba5 37. Bc2 Kf7 38. Qe4 Qc8 39. g5 Qc3 40. g6+ Ke7
41. Qd3 Qb4 42. Qc4 Qe1 43. Bf2 Qd2 44. Qd3 Qb4 45. Kf1 Qf4 46. Qe3 Qg4 47. Qe4
Qh3+ 48. Ke2 Qc3 49. Qd3 Qb4 50. Kd1 Bxf5 51. Qe3 Bd7 52. Be1 Bg4+ 0-1

[Event "Col Ch "]
[Site "Ibague "]
[Date "2013.07.06"]
[Round "9.51"]
[White "Castaneda, Victor"]
[Black "Rico, Oswaldo"]
[Result "1/2-1/2"]
[WhiteElo "1876"]
[BlackElo "2022"]
[PlyCount "89"]
[EventDate "2013.07.01"]
[EventType "swiss"]
[EventRounds "11"]
[EventCountry "COL"]
[SourceDate "2005.09.12"]

1. d4 d5 2. c4 e6 3. Nc3 Nf6 4. Nf3 Nbd7 5. Bg5 c6 6. cxd5 exd5 7. e3 Bd6 8.
Qc2 O-O 9. Bd3 h6 10. Bh4 Re8 11. O-O g5 12. Bg3 Bxg3 13. hxg3 Ng4 14. Nh2 Nxh2
15. Kxh2 Nf6 16. Rh1 Kg7 17. Rae1 Ng4+ 18. Kg1 Qf6 19. Qe2 Qd6 20. Qf3 Nf6 21.
Bf5 g4 22. Bxg4 Bxg4 23. Qf4 Qxf4 24. gxf4 Re7 25. f3 Bd7 26. g4 Nh7 27. Kf2
Rae8 28. Na4 b6 29. b4 Nf8 30. Nb2 f6 31. Nd3 Ne6 32. f5 Ng5 33. Nf4 Rc8 34.
Nh5+ Kf7 35. Nf4 Ree8 36. Rxh6 Rh8 37. Reh1 Rxh6 38. Rxh6 Rf8 39. Rh1 Kg7 40.
Nh5+ Kg8 41. Nf4 Be8 42. Rc1 Bd7 43. Rh1 Be8 44. Rc1 Bd7 45. Rh1 1/2-1/2

[Event "Col Ch "]
[Site "Ibague "]
[Date "2013.07.06"]
[Round "9.52"]
[White "Bejarano, Dany Andres"]
[Black "Ribero, Guillermo Andres"]
[Result "1-0"]
[WhiteElo "2020"]
[BlackElo "1761"]
[PlyCount "77"]
[EventDate "2013.07.01"]
[EventType "swiss"]
[EventRounds "11"]
[EventCountry "COL"]
[SourceDate "2005.09.12"]

1. e4 c5 2. Nf3 d6 3. d4 cxd4 4. c3 Nc6 5. Bc4 Nf6 6. Qc2 g6 7. O-O Bg7 8. h3
O-O 9. cxd4 Bd7 10. Nc3 Rc8 11. Qe2 Kh8 12. e5 Ne8 13. Bg5 dxe5 14. dxe5 Nxe5
15. Nxe5 Bxe5 16. Qxe5+ f6 17. Qd4 e5 18. Qd5 fxg5 19. Rad1 Nf6 20. Qd3 Bf5 21.
Qe3 Qa5 22. Bb3 g4 23. h4 a6 24. Rd5 Nxd5 25. Qxe5+ Rf6 26. Nxd5 Rcf8 27. f4
gxf3 28. Rxf3 Qc5+ 29. Kh1 Qd6 30. Qc3 Kg7 31. Kg1 h5 32. Nxf6 Rxf6 33. Re3 Kh7
34. Qc4 Qf8 35. Qc7+ Kh6 36. Re7 g5 37. hxg5+ Kxg5 38. Rg7+ Kh6 39. Rg8 1-0

[Event "Col Ch "]
[Site "Ibague "]
[Date "2013.07.06"]
[Round "9.53"]
[White "Aponte, Juan Camilo"]
[Black "Agudelo, Carlos Hernan"]
[Result "1-0"]
[WhiteElo "1909"]
[BlackElo "2065"]
[PlyCount "81"]
[EventDate "2013.07.01"]
[EventType "swiss"]
[EventRounds "11"]
[EventCountry "COL"]
[SourceDate "2005.09.12"]

1. d4 f5 2. c4 Nf6 3. Nc3 e6 4. Nf3 Bb4 5. Bd2 b6 6. e3 Bb7 7. Be2 O-O 8. O-O
h6 9. Ne5 Qe8 10. a3 Be7 11. Nb5 Na6 12. Rc1 d6 13. Nd3 g5 14. b4 Ne4 15. f3
Nf6 16. a4 c6 17. Nc3 Nd7 18. Qb3 Nc7 19. e4 Bf6 20. Be3 Qf7 21. c5 Qg7 22.
cxd6 Bxd4 23. Bf2 fxe4 24. fxe4 Ne8 25. Qxe6+ Kh8 26. Bxd4 Qxd4+ 27. Kh1 Qxd6
28. Rxf8+ Nxf8 29. Qf7 Nc7 30. Rf1 Qd7 31. Qh5 Qg7 32. Rf7 Qxc3 33. Rxc7 Qa1+
34. Bd1 Rd8 35. Qxh6+ Kg8 36. Qxg5+ Kh8 37. Qh5+ Kg8 38. Qf3 Ba6 39. Nf2 Bc4
40. Qg4+ Kh8 41. Qh4+ 1-0

[Event "Col Ch "]
[Site "Ibague "]
[Date "2013.07.06"]
[Round "9.54"]
[White "Leal Cortes, Diego Fernando"]
[Black "Andrade Truyol, Geiner Jose"]
[Result "0-1"]
[WhiteElo "1901"]
[BlackElo "2045"]
[PlyCount "52"]
[EventDate "2013.07.01"]
[EventType "swiss"]
[EventRounds "11"]
[EventCountry "COL"]
[SourceDate "2005.09.12"]

1. e4 d5 2. exd5 Qxd5 3. Nc3 Qa5 4. d4 Nf6 5. Nf3 Bf5 6. Ne5 e6 7. Nc4 Qb4 8.
a3 Qe7 9. Bf4 Nc6 10. Nb5 Nd5 11. Bg3 a6 12. Nc3 O-O-O 13. Bd3 g5 14. O-O Bxd3
15. Qxd3 Nf4 16. Bxf4 Rxd4 17. Qe2 gxf4 18. Ne5 Rd6 19. Rad1 Rg8 20. Rxd6 Qxd6
21. Nxf7 Qe7 22. Qh5 Bg7 23. Rd1 Bxc3 24. bxc3 f3 25. g3 Rf8 26. Ne5 Qc5 0-1

[Event "Col Ch "]
[Site "Ibague "]
[Date "2013.07.06"]
[Round "9.55"]
[White "Gomez, Jorge Leonardo"]
[Black "Conti, Julian"]
[Result "1-0"]
[WhiteElo "1838"]
[BlackElo "2034"]
[PlyCount "59"]
[EventDate "2013.07.01"]
[EventType "swiss"]
[EventRounds "11"]
[EventCountry "COL"]
[SourceDate "2005.09.12"]

1. d4 Nf6 2. c4 c5 3. d5 b5 4. cxb5 a6 5. bxa6 g6 6. Nc3 Bxa6 7. e4 Bxf1 8.
Kxf1 d6 9. g3 Bg7 10. Kg2 O-O 11. Nge2 Nbd7 12. h3 Ra6 13. Rb1 Qa8 14. Bf4 Rb8
15. Qc2 Ne8 16. b3 Nc7 17. Na4 Nb5 18. Bc1 e6 19. dxe6 fxe6 20. Rd1 Nd4 21.
Nxd4 cxd4 22. Bb2 Rxa4 23. bxa4 d3 24. Qc4 d5 25. exd5 Rxb2 26. Rxb2 Bxb2 27.
Qc6 Qe8 28. dxe6 Nf6 29. Qxe8+ Nxe8 30. Rxd3 1-0

[Event "Col Ch "]
[Site "Ibague "]
[Date "2013.07.06"]
[Round "9.56"]
[White "Vasquez, Nuremberg Ad"]
[Black "Arismendi Polanco, Efrain Stev"]
[Result "1-0"]
[WhiteElo "2002"]
[BlackElo "1805"]
[PlyCount "31"]
[EventDate "2013.07.01"]
[EventType "swiss"]
[EventRounds "11"]
[EventCountry "COL"]
[SourceDate "2005.09.12"]

1. d4 Nf6 2. c4 g6 3. Nc3 Bg7 4. e4 d6 5. f4 O-O 6. Bd3 c5 7. d5 e6 8. dxe6
fxe6 9. Nf3 Nc6 10. O-O Nh5 11. g3 Nd4 12. Be3 a6 13. Ng5 b5 14. e5 Nf5 15.
Bxf5 exf5 16. Qd5+ 1-0

[Event "Col Ch "]
[Site "Ibague "]
[Date "2013.07.06"]
[Round "9.57"]
[White "Dabraccio, Guillermo"]
[Black "Corredor Rengifo, Luis Fernand"]
[Result "0-1"]
[WhiteElo "1752"]
[BlackElo "1952"]
[PlyCount "66"]
[EventDate "2013.07.01"]
[EventType "swiss"]
[EventRounds "11"]
[EventCountry "COL"]
[SourceDate "2005.09.12"]

1. d4 d5 2. Nf3 Nf6 3. Bf4 e6 4. e3 Be7 5. h3 O-O 6. Be2 b6 7. O-O Bb7 8. c3
Nbd7 9. Nbd2 c5 10. Rc1 Rc8 11. Bh2 Ne8 12. Bd3 c4 13. Bb1 f5 14. Ne5 Nef6 15.
Nxd7 Qxd7 16. Nf3 Bd6 17. Ne5 Qe7 18. Bc2 Kh8 19. Qe2 g5 20. Bd1 Rg8 21. Nf7+
Qxf7 22. Bxd6 Nd7 23. Qd2 Rg7 24. Bh2 Rcg8 25. Ba4 Nf6 26. Be5 h5 27. f3 g4 28.
h4 gxf3 29. Rxf3 Kh7 30. Bc2 Rg4 31. g3 Rxh4 32. Bxf5+ exf5 33. Rxf5 Rhg4 0-1

[Event "Col Ch "]
[Site "Ibague "]
[Date "2013.07.06"]
[Round "9.59"]
[White "Valdeblanquez, Jeiner Jair"]
[Black "Olarte Parra, Jhoan Sebastian"]
[Result "1-0"]
[WhiteElo "1765"]
[BlackElo "1924"]
[PlyCount "87"]
[EventDate "2013.07.01"]
[EventType "swiss"]
[EventRounds "11"]
[EventCountry "COL"]
[SourceDate "2005.09.12"]

1. d4 d5 2. Nf3 Nf6 3. Nc3 Bf5 4. Bg5 Nbd7 5. e3 h6 6. Bf4 c6 7. Bd3 e6 8. O-O
Bb4 9. Ne2 g5 10. Be5 Bg4 11. Bxf6 Qxf6 12. Nd2 Bxe2 13. Bxe2 Bxd2 14. Qxd2 h5
15. f3 Qg6 16. c4 f5 17. Qb4 O-O-O 18. Rac1 dxc4 19. Bxc4 Nb6 20. Qa5 Rh7 21.
Qxa7 Nxc4 22. Rxc4 Rc7 23. Rfc1 f4 24. exf4 gxf4 25. b4 Rd5 26. Kh1 Rg5 27.
R4c2 Rb5 28. Qa3 Rd5 29. Qb2 h4 30. h3 Qd3 31. Rd2 Qf5 32. a4 b6 33. Rdc2 Kb7
34. b5 c5 35. dxc5 Rdxc5 36. Rxc5 Rxc5 37. Qg7+ Kc8 38. Rd1 Rc7 39. Qd4 Qc2 40.
Rd2 Qb1+ 41. Kh2 Qe1 42. Qxf4 e5 43. Qg5 Kb7 44. Rd8 1-0

[Event "Col Ch "]
[Site "Ibague "]
[Date "2013.07.06"]
[Round "9.60"]
[White "Torres, Jose Leonardo"]
[Black "Guerrero Forero, Ricardo Alon"]
[Result "0-1"]
[WhiteElo "1787"]
[BlackElo "2208"]
[PlyCount "72"]
[EventDate "2013.07.01"]
[EventType "swiss"]
[EventRounds "11"]
[EventCountry "COL"]
[SourceDate "2005.09.12"]

1. d4 c5 2. g3 cxd4 3. Qxd4 Nc6 4. Qa4 d5 5. Bg2 e6 6. Nf3 Bd7 7. c3 Bc5 8. Qd1
Nf6 9. O-O O-O 10. Nbd2 e5 11. Nb3 Be7 12. Bg5 Be6 13. Qc2 Qc8 14. Rfe1 Bf5 15.
Qd1 Rd8 16. e3 Bg4 17. Qc1 e4 18. Nfd4 Ne5 19. Qd2 a5 20. Bxf6 Bxf6 21. Reb1 a4
22. Nc1 Ra6 23. Nce2 Nf3+ 24. Bxf3 exf3 25. h3 Bxd4 26. Nxd4 Bh5 27. Kh2 Rh6
28. Rh1 Bg6 29. Kg1 Be4 30. Qd1 Rxh3 31. Rxh3 Qxh3 32. Qf1 Qg4 33. Rd1 Rd6 34.
Qb5 h5 35. Qe8+ Kh7 36. Qxf7 Rf6 0-1

[Event "Col Ch "]
[Site "Ibague "]
[Date "2013.07.06"]
[Round "9.61"]
[White "Barros, Raul"]
[Black "Cadavid, Juan Miguel"]
[Result "0-1"]
[WhiteElo "2019"]
[BlackElo "1862"]
[PlyCount "52"]
[EventDate "2013.07.01"]
[EventType "swiss"]
[EventRounds "11"]
[EventCountry "COL"]
[SourceDate "2005.09.12"]

1. e4 c5 2. Nf3 e6 3. d4 cxd4 4. Nxd4 a6 5. Be3 Nf6 6. Bd3 Qc7 7. O-O Nc6 8. a3
d6 9. Nc3 Ne5 10. Be2 b5 11. f4 Nc4 12. Bc1 Bb7 13. Bf3 Be7 14. Kh1 O-O 15. Qd3
Rac8 16. Nce2 Nd7 17. b3 Nc5 18. Qd1 Nb6 19. Ng3 Nbd7 20. Rf2 Bh4 21. Qe2 Bxg3
22. hxg3 Nf6 23. e5 Nfe4 24. exd6 Qxd6 25. Bxe4 Nxe4 26. Qe3 Rc3 0-1

[Event "Col Ch "]
[Site "Ibague "]
[Date "2013.07.06"]
[Round "9.63"]
[White "Corpus Vanegas, Eugenio Miguel"]
[Black "Guzman, River"]
[Result "0-1"]
[WhiteElo "1848"]
[BlackElo "1972"]
[PlyCount "44"]
[EventDate "2013.07.01"]
[EventType "swiss"]
[EventRounds "11"]
[EventCountry "COL"]
[SourceDate "2005.09.12"]

1. e4 c5 2. c3 d5 3. exd5 Qxd5 4. d4 Nc6 5. Nf3 Bg4 6. Be2 cxd4 7. cxd4 e6 8.
Nc3 Qd7 9. O-O Rd8 10. Qa4 Nf6 11. Rd1 Be7 12. Ne5 Nxe5 13. Bb5 Nc6 14. f3 Bf5
15. Bf4 a6 16. Bc4 O-O 17. Rac1 Nd5 18. Bg3 Nxc3 19. Rxc3 b5 20. Bxb5 axb5 21.
Qxb5 Nxd4 22. Qf1 Ne2+ 0-1

[Event "Col Ch "]
[Site "Ibague "]
[Date "2013.07.06"]
[Round "9.64"]
[White "Otero Fajardo, Alvaro Antonio"]
[Black "Vargas, Eduar Misael"]
[Result "1/2-1/2"]
[WhiteElo "1794"]
[BlackElo "1955"]
[PlyCount "93"]
[EventDate "2013.07.01"]
[EventType "swiss"]
[EventRounds "11"]
[EventCountry "COL"]
[SourceDate "2005.09.12"]

1. d4 Nf6 2. c4 g6 3. Nc3 d5 4. Nf3 Bg7 5. e3 O-O 6. Be2 c5 7. O-O cxd4 8. exd4
dxc4 9. Bxc4 a6 10. a4 Qc7 11. Be2 Rd8 12. Bg5 Nc6 13. Rc1 Ng4 14. d5 Nce5 15.
Nxe5 Nxe5 16. Ne4 Qd7 17. Nc5 Qxd5 18. Bxe7 Qxd1 19. Rfxd1 Rxd1+ 20. Rxd1 Nc6
21. b3 Nxe7 22. Rd8+ Bf8 23. Nd7 Bxd7 24. Rxa8 Kg7 25. Bf3 Bc6 26. Rb8 Nd5 27.
Rd8 Nb4 28. Bxc6 Nxc6 29. Rd7 Na5 30. Kf1 Nxb3 31. Rxb7 Nd2+ 32. Ke2 Ne4 33.
Ra7 Nc3+ 34. Kf3 Nxa4 35. Rxa6 Nc5 36. Rc6 Ne6 37. Ra6 Bc5 38. g4 Ng5+ 39. Kg2
h6 40. f4 Ne6 41. Kf3 Bg1 42. h4 Nd4+ 43. Kg3 f5 44. h5 Ne2+ 45. Kf3 Nd4+ 46.
Kg2 gxh5 47. gxf5 1/2-1/2

[Event "Col Ch "]
[Site "Ibague "]
[Date "2013.07.06"]
[Round "9.65"]
[White "Latorre, Franklin Leandro"]
[Black "Cuevas Sanchez, Bramdon Daniel"]
[Result "1-0"]
[WhiteElo "1927"]
[BlackElo "1769"]
[PlyCount "55"]
[EventDate "2013.07.01"]
[EventType "swiss"]
[EventRounds "11"]
[EventCountry "COL"]
[SourceDate "2005.09.12"]

1. e4 e5 2. Nf3 Nc6 3. Bc4 Bc5 4. c3 Nf6 5. d4 exd4 6. e5 Qe7 $6 7. O-O Ng4 8.
Ng5 $6 Nh6 9. Nf3 Nf5 $6 10. cxd4 Bb6 11. d5 Ncd4 12. Be3 Nxf3+ 13. Qxf3 Nxe3
14. d6 Qf8 15. fxe3 cxd6 16. exd6 Qxd6 17. Qxf7+ Kd8 18. Nc3 a6 19. Rad1 Qg6
20. Nd5 Qxf7 21. Rxf7 Bc5 22. Rxg7 b5 23. Bb3 Bb7 24. Nf6 Bxe3+ 25. Kh1 Bc6 26.
Nxd7 Bxd7 27. Rdxd7+ Kc8 28. Be6 1-0

[Event "Col Ch "]
[Site "Ibague "]
[Date "2013.07.06"]
[Round "9.66"]
[White "Gamboa, Jose Pompilio"]
[Black "Parra, Diego Alexander"]
[Result "1-0"]
[WhiteElo "1778"]
[BlackElo "1922"]
[PlyCount "49"]
[EventDate "2013.07.01"]
[EventType "swiss"]
[EventRounds "11"]
[EventCountry "COL"]
[SourceDate "2005.09.12"]

1. e4 c5 2. Nc3 Nc6 3. Nf3 g6 4. Bc4 Bg7 5. d3 a6 6. a3 e6 7. O-O Nge7 8. Ne2
d5 9. Ba2 O-O 10. h3 b5 11. c3 Bb7 12. exd5 Nxd5 13. Ng3 Qc7 14. Ne4 h6 15.
Nxc5 Rad8 16. Nxb7 Qxb7 17. Qe2 Qc7 18. d4 Kh7 19. Bd2 e5 20. dxe5 Nxe5 21.
Rad1 Rfe8 22. Bxd5 Rxd5 23. Bf4 Qc4 24. Qxc4 Nxc4 25. Rxd5 1-0

[Event "Col Ch "]
[Site "Ibague "]
[Date "2013.07.06"]
[Round "9.67"]
[White "Melo, Marlon"]
[Black "Sosa Florez, Juan Sebastian"]
[Result "0-1"]
[WhiteElo "1914"]
[BlackElo "1671"]
[PlyCount "112"]
[EventDate "2013.07.01"]
[EventType "swiss"]
[EventRounds "11"]
[EventCountry "COL"]
[SourceDate "2005.09.12"]

1. e4 c5 2. Nc3 e6 3. f4 Nc6 4. Nf3 g6 5. Bc4 Bg7 6. d3 Nf6 7. O-O O-O 8. Bb3
d6 9. Qe1 Nd7 10. Kh1 Nb6 11. f5 Nd4 12. Nxd4 cxd4 13. Ne2 exf5 14. Qg3 fxe4
15. Bg5 Qd7 16. h3 exd3 17. cxd3 d5 18. Bf6 Bxf6 19. Rxf6 Qe7 20. Qf2 Re8 21.
Nxd4 Bf5 22. Rxb6 axb6 23. Nxf5 gxf5 24. Qxf5 Qe6 25. Rf1 Qxf5 26. Rxf5 Rad8
27. Bxd5 Rd7 28. a4 Kg7 29. Kh2 Kg6 30. Be4 Kg7 31. Kg3 Rd4 32. Rb5 Re6 33. Kf3
f6 34. Ke3 Rxa4 35. b4 f5 36. Rxf5 Rxb4 37. Kd2 Rbxe4 38. dxe4 Rxe4 39. Rd5 Rf4
40. Rd7+ Rf7 41. Rxf7+ Kxf7 42. Kc3 Kf6 43. Kc4 Kf5 44. Kb5 Kf4 45. Kxb6 Kg3
46. Kxb7 Kxg2 47. h4 Kg3 48. h5 Kg4 49. h6 Kg5 50. Kc6 Kxh6 51. Kd5 Kg5 52. Ke4
Kg4 53. Ke3 Kg3 54. Ke2 Kg2 55. Ke3 h5 56. Kf4 h4 0-1

[Event "Col Ch "]
[Site "Ibague "]
[Date "2013.07.06"]
[Round "9.68"]
[White "Trujillo, Luis Angel"]
[Black "Ordonez Gonzalez, Gabriel"]
[Result "1/2-1/2"]
[WhiteElo "1682"]
[BlackElo "1909"]
[PlyCount "145"]
[EventDate "2013.07.01"]
[EventType "swiss"]
[EventRounds "11"]
[EventCountry "COL"]
[SourceDate "2005.09.12"]

1. e4 c5 2. Nf3 Nc6 3. d4 cxd4 4. Nxd4 e5 5. Nxc6 bxc6 6. Bc4 Nf6 7. Bg5 Be7 8.
Nd2 O-O 9. O-O d5 10. Bb3 Kh8 11. c3 Nxe4 12. Bxe7 Qxe7 13. Nxe4 dxe4 14. Qe2
f5 15. Rad1 a5 16. Rfe1 Qc5 17. Qc4 Qxc4 18. Bxc4 Re8 19. Rd6 h6 20. Red1 f4
21. Rxc6 Bg4 22. Re1 Bf5 23. b4 axb4 24. cxb4 Rec8 25. b5 Bd7 26. Rxc8+ Rxc8
27. Bf1 Ra8 28. Ra1 Ra3 29. h3 Kh7 30. Bc4 Ra4 31. Bb3 Rb4 32. Bd1 Rxb5 33. Bc2
Bc6 34. f3 Rc5 35. Bxe4+ Bxe4 36. fxe4 Rc4 37. a4 Rxe4 38. a5 Rd4 39. a6 Rd8
40. a7 Ra8 41. Ra6 e4 42. Kf2 h5 43. h4 g6 44. Ke2 Kg7 45. Kd2 Kh7 46. Kc3 Kg7
47. Kb4 f3 48. gxf3 exf3 49. Kb5 f2 50. Ra1 f1=Q+ 51. Rxf1 Rxa7 52. Kc5 Ra4 53.
Rh1 Rf4 54. Kd5 Kf6 55. Rh2 Kf5 56. Rh1 Rf3 57. Kd4 Kg4 58. Ke4 Rg3 59. Ke5 g5
60. hxg5 Kxg5 61. Ke4 Kg4 62. Rf1 h4 63. Rf4+ Kh3 64. Rf2 Rg4+ 65. Kf3 Ra4 66.
Ke2 Rb4 67. Rf3+ Kg4 68. Rf8 h3 69. Kf2 Rb2+ 70. Kg1 Rb1+ 71. Kh2 Ra1 72. Rg8+
Kf3 73. Rf8+ 1/2-1/2

[Event "Col Ch "]
[Site "Ibague "]
[Date "2013.07.06"]
[Round "9.69"]
[White "Ortiz, Jairo"]
[Black "Aristizabal, Jorge"]
[Result "1-0"]
[WhiteElo "1725"]
[BlackElo "1881"]
[PlyCount "41"]
[EventDate "2013.07.01"]
[EventType "swiss"]
[EventRounds "11"]
[EventCountry "COL"]
[SourceDate "2005.09.12"]

1. d4 d5 2. Nf3 Nf6 3. e3 g6 4. Nbd2 Bg7 5. Bd3 O-O 6. O-O c6 7. b3 Re8 8. Bb2
Nbd7 9. c4 dxc4 10. bxc4 e5 11. Qc2 exd4 12. exd4 Nb6 13. Ne5 Ng4 14. Nef3 Be6
15. Rab1 Nh6 16. d5 cxd5 17. Bxg7 Kxg7 18. c5 Nd7 19. Rxb7 Qa5 20. c6 Nc5 21.
Rb5 1-0

[Event "Col Ch "]
[Site "Ibague "]
[Date "2013.07.06"]
[Round "9.70"]
[White "Corpus Vanegas, Jair Samir"]
[Black "Bravo, Juan Eduardo"]
[Result "1-0"]
[WhiteElo "1881"]
[BlackElo "1726"]
[PlyCount "97"]
[EventDate "2013.07.01"]
[EventType "swiss"]
[EventRounds "11"]
[EventCountry "COL"]
[SourceDate "2005.09.12"]

1. e4 c5 2. Nf3 a6 3. d4 cxd4 4. Nxd4 Nf6 5. Nc3 d6 6. Bc4 e6 7. O-O Be7 8. Be3
O-O 9. h3 Qc7 10. Bb3 Nbd7 11. f4 Nc5 12. f5 Nxb3 13. axb3 Bd7 14. g4 e5 15.
Nde2 Bc6 16. Ng3 Rfd8 17. g5 Nxe4 18. Ncxe4 d5 19. Nf2 d4 20. Bd2 e4 21. Nfxe4
d3 22. c4 Bc5+ 23. Rf2 Bxf2+ 24. Kxf2 Bxe4 25. Nxe4 Qh2+ 26. Ke3 Qe5 27. Bc3
Qxf5 28. Qf3 Qe6 29. Kd2 Re8 30. Re1 Qb6 31. b4 Qc7 32. c5 Re6 33. Nd6 Rxe1 34.
Kxe1 Rb8 35. Qd5 Qe7+ 36. Qe5 Qxe5+ 37. Bxe5 f6 38. gxf6 gxf6 39. Bxf6 Rf8 40.
Bg5 Rf3 41. h4 Rg3 42. Kd2 Rh3 43. Nxb7 h6 44. Bxh6 Rxh4 45. Kc3 Rxh6 46. Kxd3
Kf8 47. Nd6 Rh4 48. Kc3 Ke7 49. Nf5+ 1-0

[Event "Col Ch "]
[Site "Ibague "]
[Date "2013.07.06"]
[Round "9.71"]
[White "Pena Mora, Carlos"]
[Black "Acosta Cruz, Luis Ivan"]
[Result "1-0"]
[WhiteElo "1658"]
[BlackElo "1879"]
[PlyCount "90"]
[EventDate "2013.07.01"]
[EventType "swiss"]
[EventRounds "11"]
[EventCountry "COL"]
[SourceDate "2005.09.12"]

1. c4 e5 2. g3 Bc5 3. Bg2 c6 4. e3 Qb6 5. Ne2 d6 6. Nbc3 Nd7 7. Na4 Qc7 8. Nxc5
Nxc5 9. d4 Ne6 10. d5 Nd8 11. e4 Bg4 12. h3 Bd7 13. O-O Ne7 14. f4 exf4 15.
Nxf4 f6 16. Qh5+ Nf7 17. Ne6 Qb6+ 18. Kh2 g6 19. Qf3 (19. Qh4) 19... f5 20.
Ng7+ Kd8 21. Bd2 Ne5 22. Qa3 Nxc4 23. Qc3 Nxd2 24. Ne6+ Bxe6 25. Qxh8+ Kc7 26.
Qxa8 Nxf1+ 27. Rxf1 Bc8 28. dxc6 bxc6 29. exf5 d5 30. f6 Nf5 31. f7 Qc5 32. b4
Qxb4 33. Qxa7+ Bb7 34. a4 Qd6 35. Qa5+ Kc8 36. Qc3 d4 37. Qb3 h5 38. Qd3 Qf6
39. g4 hxg4 40. hxg4 Qd6+ 41. Kg1 c5 42. Bxb7+ Kxb7 43. Qe4+ Ka7 44. gxf5 Qg3+
45. Qg2 Qd6 1-0

[Event "Col Ch "]
[Site "Ibague "]
[Date "2013.07.06"]
[Round "9.72"]
[White "Munoz, Alvaro E"]
[Black "Manrique, Fernando"]
[Result "0-1"]
[WhiteElo "1739"]
[BlackElo "1991"]
[PlyCount "84"]
[EventDate "2013.07.01"]
[EventType "swiss"]
[EventRounds "11"]
[EventCountry "COL"]
[SourceDate "2005.09.12"]

1. d4 d5 2. c4 dxc4 3. Nc3 e5 4. e3 exd4 5. exd4 Nc6 6. Be3 Na5 7. Bxc4 Nxc4 8.
Qa4+ c6 9. Qxc4 Be6 10. Qe2 Nf6 11. h3 Bb4 12. a3 Ba5 13. Nf3 Nd5 14. Bd2 O-O
15. O-O Bc7 16. Rfe1 Qd6 17. Ne4 Qd8 18. Bg5 Qc8 19. Bh4 Nf4 20. Qf1 Nxg2 21.
Qxg2 Bxh3 22. Qh1 Qg4+ 23. Bg3 f5 24. Neg5 f4 25. Qxh3 Qxh3 26. Nxh3 fxg3 27.
Re3 gxf2+ 28. Kxf2 Rad8 29. Ke2 h6 30. Rg1 Rd7 31. Ne5 Rxd4 32. Ng6 Rfd8 33.
Ne7+ Kh8 34. Rb1 Rd2+ 35. Kf3 Bb6 36. Re4 R8d3+ 37. Kg4 Rg2+ 38. Kh4 Kh7 39.
Rh1 Rdg3 40. Nf4 g5+ 41. Kh5 gxf4 42. Rxf4 Rg5+ 0-1

[Event "Col Ch "]
[Site "Ibague "]
[Date "2013.07.06"]
[Round "9.73"]
[White "Restrepo, Jose Daniel"]
[Black "Rodriguez, German Andres"]
[Result "1-0"]
[WhiteElo "1944"]
[BlackElo "1615"]
[PlyCount "123"]
[EventDate "2013.07.01"]
[EventType "swiss"]
[EventRounds "11"]
[EventCountry "COL"]
[SourceDate "2005.09.12"]

1. e4 c5 2. Nc3 d6 3. f4 Nc6 4. Bb5 Bd7 5. Nf3 e6 6. d3 a6 7. Ba4 b5 8. Bb3 Na5
9. Qe2 Be7 10. O-O Nxb3 11. axb3 b4 12. Nd1 Nf6 13. h3 h5 14. Ne3 h4 15. Rf2
Bb5 16. Nf1 d5 17. exd5 Nxd5 18. Ne5 O-O 19. Qh5 Nf6 20. Qf3 Qd5 21. Nh2 Qxf3
22. Nhxf3 Nd5 23. Bd2 Be8 24. Re1 Nb6 25. Rfe2 a5 26. f5 a4 27. bxa4 Nxa4 28.
b3 Nc3 29. Bxc3 bxc3 30. fxe6 fxe6 31. Re4 Ra2 32. R1e2 Bh5 33. Ng4 Bd6 34.
Rxe6 Bg3 35. R6e4 Bg6 36. Re7 Bxd3 37. cxd3 c2 38. Re1 Rb2 39. Nd2 Bxe1 40.
Rxe1 c1=Q 41. Rxc1 Rxd2 42. Kh2 Rxd3 43. Rxc5 Rf1 44. Rh5 Rxb3 45. Rxh4 Rbb1
46. Ne5 Rh1+ 47. Kg3 Rb3+ 48. Nf3 g6 49. Rg4 Kg7 50. Ra4 Rhb1 51. Rc4 Ra1 52.
Rd4 Ra2 53. Rg4 Rbb2 54. Kh2 Kf6 55. h4 Rf2 56. Kh3 Ra8 57. Kg3 Rf1 58. Rf4+
Kg7 59. Rg4 Kh6 60. Rb4 Rf8 61. Rb7 Rf6 62. Ng5 1-0

[Event "Col Ch "]
[Site "Ibague "]
[Date "2013.07.06"]
[Round "9.74"]
[White "Carrillo, Custodio"]
[Black "Sosa Florez, Luis Felipe"]
[Result "1-0"]
[WhiteElo "1886"]
[BlackElo "1738"]
[PlyCount "82"]
[EventDate "2013.07.01"]
[EventType "swiss"]
[EventRounds "11"]
[EventCountry "COL"]
[SourceDate "2005.09.12"]

1. d4 d5 2. Nf3 Nf6 3. Bf4 c6 4. e3 e6 5. Nbd2 Nbd7 6. Bd3 Be7 7. Qe2 c5 8. c3
c4 9. Bc2 b5 10. e4 Bb7 11. e5 Ng8 12. O-O h6 13. Rfe1 g5 14. Bg3 g4 15. Qe3
gxf3 16. Nxf3 Bg5 17. Bf4 Bxf4 18. Qxf4 Nf8 19. Qg4 Ne7 20. Qg7 Neg6 21. h4 Rh7
22. Qg8 Rh8 23. Qg7 Rh7 24. Qg8 Ne7 25. Qg4 Rh8 26. Qg7 Rg8 27. Qxh6 Neg6 28.
Re3 Qe7 29. g3 O-O-O 30. Kf1 a6 31. Ng5 f6 32. exf6 Qxf6 33. Rf3 Qg7 34. Qh5
Nh8 35. Bh7 Nxh7 36. Nxe6 Qg6 37. Qxg6 Nxg6 38. Nxd8 Rxd8 39. Rf7 Ngf8 40. Re1
Kb8 41. Ree7 Bc8 1-0

[Event "Col Ch "]
[Site "Ibague "]
[Date "2013.07.06"]
[Round "9.76"]
[White "Sandoval Guerrero, Juan David"]
[Black "Cuervo, Alexander"]
[Result "1/2-1/2"]
[WhiteElo "1501"]
[BlackElo "1801"]
[PlyCount "69"]
[EventDate "2013.07.01"]
[EventType "swiss"]
[EventRounds "11"]
[EventCountry "COL"]
[SourceDate "2005.09.12"]

1. e4 c5 2. Nf3 Nc6 3. d4 cxd4 4. Nxd4 e5 5. Nf3 Nf6 6. Nc3 Bb4 7. Bd3 O-O 8.
Bd2 d5 9. Nxd5 Bxd2+ 10. Qxd2 Be6 11. Rd1 Bg4 12. Qg5 Bxf3 13. gxf3 Nxd5 14.
Qxd8 Rfxd8 15. exd5 Nd4 16. c4 Nxf3+ 17. Kf1 Rac8 18. Kg2 Nd4 19. h4 h5 20.
Rhe1 f6 21. b3 Kf7 22. Re3 g6 23. Rg3 Nf5 24. Rh3 Nd6 25. Re1 b6 26. Rg3 Rg8
27. Kh3 Rce8 28. f3 f5 29. Rg5 Kf6 30. Kg2 a5 31. Kf2 Re7 32. Bc2 Rc8 33. Bb1
b5 34. Reg1 Rg7 35. cxb5 1/2-1/2

[Event "Col Ch "]
[Site "Ibague "]
[Date "2013.07.06"]
[Round "9.77"]
[White "Rosero, Hugo Alberto"]
[Black "Pelaez, Hernan"]
[Result "1-0"]
[WhiteElo "1664"]
[BlackElo "1867"]
[PlyCount "73"]
[EventDate "2013.07.01"]
[EventType "swiss"]
[EventRounds "11"]
[EventCountry "COL"]
[SourceDate "2005.09.12"]

1. e4 g6 2. d4 Bg7 3. Nf3 Nf6 4. Bd3 O-O 5. c4 Nc6 6. O-O Nb4 7. Nc3 Nxd3 8.
Qxd3 d6 9. h3 c6 10. Be3 Qc7 11. Rad1 Rd8 12. Qc2 b5 13. b3 bxc4 14. bxc4 Ba6
15. Qa4 Qc8 16. Rfe1 Nd7 17. Ne2 Nb6 18. Qc2 Nxc4 19. Bg5 Rd7 20. Ng3 Rb8 21.
Qc1 Rb2 22. Bh6 Bh8 23. Qg5 Bf6 24. Qg4 e6 25. Nh5 Bh8 26. e5 dxe5 27. dxe5
Rxd1 28. Rxd1 Nxe5 29. Nxe5 Bxe5 30. Qg5 f6 31. Nxf6+ Kf7 32. Qxe5 Rb5 33. Qc3
e5 34. Ne4 Ke6 35. Rd6+ Kf7 36. Qf3+ Qf5 37. Rf6+ 1-0